MARC

LEADER 00000nam0a2200000 4500
001 373899
005 20231102012615.0
035 |a (RuTPU)RU\TPU\retro\31330 
035 |a RU\TPU\book\249348 
090 |a 373899 
100 |a 20221216d1989 k y0rusy5003 ca 
101 0 |a rus 
102 |a RU 
105 |a a z 001zy 
200 1 |a Противоточные процессы в разделении изотопов и глубокой очистке веществ  |f Московский химико-технологический институт им. Д. И. Менделеева (МХТИ) ; гл. ред. Б. М. Андреев 
210 |a Москва  |c Изд-во МХТИ  |d 1989 
215 |a 140 с.  |c ил.  |d 26 см 
225 1 |a Труды института [Московского химико-технологического института (МХТИ)]  |v Вып. 156 
320 |a Библиогр. в конце статей 
606 1 |a Радиоактивные изотопы  |x Разделение  |x Химические методы  |2 stltpush  |3 (RuTPU)RU\TPU\subj\22382  |9 47153 
610 1 |a противоточные процессы 
610 1 |a высокочистые вещества 
610 1 |a аппаратурное оформление 
610 1 |a вещества 
610 1 |a глубокая очистка 
610 1 |a ректификация 
610 1 |a насадочные колонны 
675 |a 621.039.32  |z rus  |v 3 
702 1 |a Андреев  |b Б. М.  |g Борис Михайлович  |4 651 
712 0 2 |a Московский химико-технологический институт им. Д. И. Менделеева (МХТИ)  |2 stltpush  |3 (RuTPU)RU\TPU\col\1701 
801 0 |a RU  |b RuMRKP  |c 19950417  |g psbo 
801 1 |a RU  |b 63413507  |c 20121222 
801 2 |a RU  |b 63413507  |c 20221216  |g RCR 
942 |c BK